000 00489cam a22001575a 4500
001 J100832
008 000000s1920 xxk 000 0 eng u
035 _a(Sirsi) u100832
110 _aAuctioneers' and Estate Agents' Institute of the United Kingdom
_93789
245 _aAnnual record vol.X part II. The increase of rent and mortgage interest (Restrictions) Act 1920.
260 _c1920
300 _a78p.
651 4 _aUnited Kingdom
_y
690 _aFinance and taxation
942 _n0
999 _c99865
_d99865